عرض عادي
عرض مارك
- Gilmer, Beverly von Haller,
مدخل إسم شخص
001 - رقم الضبط
- حقل الضبط: 11764
003 - معرف رقم الضبط
- حقل الضبط: OSt
005 - تاريخ ووقت أخر عملية
- حقل الضبط: 20120421182311.0
008 - عناصر بيانات ثابتة الطول
- حقل تحكم ثابت الطول: 120421|||a|||||| | ||| d
040 ## - مصدر الفهرسة
- هيئة الفهرسة الأصلية: OSt
- وكالة الكتابة: OSt
100 ## - مدخل -- أسم شخص
- إسم شخص: Gilmer, Beverly von Haller,
- تواريخ مرتبطة بالاسم: 1909-
- مصطلح الرابط: joint ed.
670 ## - بيانات المصدر موجوده
- الاستشهاد بالمصدر: Work cat.: (OSt)0: Karn, Harry W., 1907- ed. 11761, Readings in industrial and business psychology., 1962.
